000 03475cam a22003734a 4500
001 16703410
003 OSt
005 20210928111950.0
008 110323s2011 nyua 001 0 eng
010 _a 2011007082
020 _a9780071772129 (hardback : alk. paper)
038 _akhadija
040 _aDLC
_cDLC
_dDLC
042 _apcc
050 0 0 _aT357
_b.C64 2011
082 0 0 _a620.0042
_222
_bCOG
084 _aTEC020000
_2bisacsh
100 1 _aCogorno, Gene R.
_935968
245 1 0 _aGeometric dimensioning and tolerancing for mechanical design /
_cGene R. Cogorno.
250 _a2nd ed.
260 _aNew York :
_bMcGraw-Hill,
_cc2011.
300 _axi, 260 p. :
_bill. ;
_c25 cm.
505 8 _aMachine generated contents note: Chapter 1. Introduction; Chapter 2. Dimensioning and Tolerancing Fundamentals; Chapter 3. Symbols, Terms, and Rules; Chapter 4. Datums; Chapter 5. Form; Chapter 6. Orientation; Chapter 7. Position, General; Chapter 8. Position, Location; Chapter 9. Position, Coaxiality; Chapter 10. Concentricity & Symmetry; Chapter 11. Runout; Chapter 12. Profile; Chapter 13. Graphic Analysis; Chapter 14. A Strategy for Tolerancing Parts; Appendix.
520 _a"An up-to-date guide to geometric dimensioning and tolerancing. Written in accordance with the latest revision of the geometric dimensioning and tolerancing (GD&T) standard, ASME Y14.5-2009, this book teaches the principles and practical applications of GD&T in an easy-to-understand manner. Geometric Dimensioning and Tolerancing for Mechanical Design, Second Edition, begins the discussion of each control with a definition, and then describes how the control is specified, interpreted, and inspected. Detailed drawings illustrate the topics discussed. Study questions and problems at the end of each chapter emphasize key concepts and serve as a self-test. Ensure the proper assembly of parts, improve quality, and reduce costs with help from this authoritative resource. Coverage includes: Dimensioning and tolerancing fundamentals Symbols, terms, and rules Datums Form--flatness, straightness, circularity, and cylindricity Orientation--perpendicularity, parallelism, and angularity Position--general, location, and coaxiality Concentricity and symmetry Runout Profile Graphic analysis Strategy for tolerancing parts"--
520 _a"Written in accordance with the latest revision of the geometric dimensioning and tolerancing (GD&T) standard, ASME Y14.5-2009, Geometric Dimensioning and Tolerancing for Mechanical Design, Second Edition, teaches the principles and practical applications of GD&T in an easy-to-understand manner. The book begins the discussion of each control with a definition, and then describes how the control is specified, interpreted, and inspected. Detailed drawings illustrate the topics discussed. Study questions and problems at the end of each chapter emphasize key concepts and serve as a self-test. This authoritative resources helps readers ensure the proper assembly of parts, improve quality, and reduce costs"--
563 _ahardcover
650 0 _aEngineering drawings
_xDimensioning.
_919112
650 0 _aTolerance (Engineering)
_919113
650 0 _aMachine design.
_918984
650 7 _aTECHNOLOGY & ENGINEERING / Manufacturing
_2bisacsh.
_982812
906 _a7
_bcbc
_corignew
_d1
_eecip
_f20
_gy-gencatlg
942 _2ddc
_cBK
999 _c33590
_d33590